• 首页
  • 本馆介绍
  • 公告通知
  • 最新文献
  • 馆藏检索
  • 电子资源
  • 读者导购
  • 参考咨询
  • 我的图书馆
  • 登录
  • 详细信息显示
  • 放入我的书架
  • 预约/预借图书
  • 作者相关作品
  • 分类相关作品
  • 丛书相关作品
  • 出版社相关作品

书目信息

  • 表格格式
  • 工作单格式
  • 卡片格式
题名:
结构力学
    
 
作者: 何春保 主编
分册:  
出版信息: 北京   北京大学出版社  2016.6
页数: 334页
开本: 26cm
丛书名:
单 册:
中图分类: O342-43
科图分类:
主题词: 结构力学--高等学校--教材
电子资源:
ISBN: 978-7-301-27053-0
000 00906nam0 2200253 450
001 0400004227
005 20171023160345.0
010    @a978-7-301-27053-0@dCNY45.00
100    @a20171023d2016 em y0chiy ea
101 0  @achi
102    @aCN@b110000
105    @aa az 000yy
106    @ar
200 1  @a结构力学@9jie gou li xue@f何春保主编
210    @a北京@c北京大学出版社@d2016.6
215    @a334页@c图@d26cm
300    @a21世纪全国本科院校土木建筑类创新型应用人才培养规划教材
320    @a有书目(第334页)
330    @a本书除了绪论外,共11章,包括:平面体系的几何组成分析、静定结构受力分析、虚功原理和静定结构位移计算、力法、位移法、渐进法、矩阵位移法、影响线及其应用、结构动力学、结构弹性稳定、结构塑性分析及极限荷载。
606 0  @a结构力学@x高等学校@j教材
690    @aO342-43@v5
701  0 @a何春保@9he chun bao@4主编
801  0 @aCN@b91MARC@c20171023
905    @b1037350-4@dO342-43@f5@e50
    
    结构力学/何春保主编.-北京:北京大学出版社,2016.6
    334页:图;26cm
    21世纪全国本科院校土木建筑类创新型应用人才培养规划教材
    
    ISBN 978-7-301-27053-0:CNY45.00
    本书除了绪论外,共11章,包括:平面体系的几何组成分析、静定结构受力分析、虚功原理和静定结构位移计算、力法、位移法、渐进法、矩阵位移法、影响线及其应用、结构动力学、结构弹性稳定、结构塑性分析及极限荷载。
●
相关链接 在E读中查询图书 在五车中查询图书 在当当中查询图书 在豆瓣中查询图书


正题名:结构力学     索取号:O342-43/50         预约/预借

序号 登录号 条形码 馆藏地/架位号 状态 备注
1 1037350   210373503   第二样本阅览室/ [索取号:O342-43/50] 在馆    
2 1037351   210373512   第三借阅区/ [索取号:O342-43/50] 在馆    
3 1037352   210373521   第三借阅区/ [索取号:O342-43/50] 在馆    
4 1037353   210373530   数信系资料室/ [索取号:O342-43/50] 在馆    
5 1037354   210373549   第三借阅区/ [索取号:O342-43/50] 在馆    
唐山师范学院图书馆 欢迎您!
大连网信软件有限公司© 版权所有